000 00408nam a2200145Ia 4500
008 220217s9999||||xx |||||||||||||| ||und||
020 _a81-7808-111-3
082 _a005.1 KNU
100 _aKnuth, Donald, E
_91238
245 0 _aArt of computer programming: fundamentals algorithms
250 _a3rd
260 _aPearson education asia
_bDelhi
_c2002
300 _b450
650 _aCOMPUTER PROGRAMS
999 _c170127
_d170127